Statistics for 清末(1911)直隶州厅——现代城市

Click here to take the quiz!

General Stats

  • This quiz has been taken 12 times
    (8 since last reset)
  • The average score is 11 of 64

Answer Stats

省份府城-城市% Correct
直隶张家口厅-张家口
75%
吉林滨江厅-哈尔滨
50%
河南汝州-汝州
38%
江苏海州-连云港(海州区)
38%
江苏通州-南通
38%
河南郑州-郑州
38%
陕西商州-商洛
25%
山东济宁州-济宁
25%
山东胶州-胶州
25%
河南陕州-三门峡(陕州古城)
25%
陕西邠州-彬州
25%
安徽六安州-六安
25%
甘肃秦州-天水
25%
甘肃肃州-酒泉
25%
四川绵州-绵阳
25%
四川泸州-泸州
25%
福建龙岩州-龙岩
25%
新疆吐鲁番厅-吐鲁番
25%
新疆塔尔巴哈台厅-塔城
25%
山西忻州-忻州
25%
直隶赤峰州-赤峰
25%
安徽滁州-滁州
25%
直隶定州-定州
25%
直隶遵化州-遵化
25%
直隶深州-深州
25%
江苏太仓州-太仓
25%
江苏海门厅-海门
25%
奉天营口厅-营口
25%
山西霍州-霍州
13%
四川邛州-邛崃
13%
四川眉州-眉州
13%
广西百色厅-百色
13%
广东南雄州-南雄
13%
广东嘉应州-梅州
13%
浙江定海厅-舟山
13%
新疆哈密厅-哈密
13%
新疆库尔喀喇乌苏厅-乌苏
13%
湖北荆门州-荆门
13%
湖南乾州-吉首(湘西州)
13%
奉天庄河厅-庄河
13%
吉林榆树厅-榆树
13%
山西归化城厅-呼和浩特(玉泉区)
13%
山东临清州-临清
13%
河南许州-许昌
13%
新疆和阗州-和田
13%
甘肃阶州-陇南
13%
甘肃固原州-固原
13%
广西郁林州-玉林
0%
新疆库车州-库车
0%
安徽广德州-广德
0%
湖南郴州-郴州
0%
山西丰镇厅-丰镇
0%
贵州平越州-福泉
0%
广西归顺州-靖西
0%
吉林珲春厅-珲春
0%
吉林绥远州-抚远
0%
广东钦州-钦州
0%
广东阳江州-阳江
0%
奉天凤凰厅-凤城
0%
广东连州-连州
0%
黑龙江呼伦厅-海拉尔(呼伦贝尔)
0%
广东罗定州-罗定
0%
黑龙江讷河厅-讷河
0%
黑龙江大赉厅-大安
0%

Score Distribution

Percentile by Number Answered

Percent of People with Each Score

Your Score History

You have not taken this quiz since the last reset